000 00317nam a2200133Ia 4500
008 191201s1999 xx 000 0 und d
082 _a677.0287
_bKOT
100 _aKOTHARI, V K
245 0 _aTesting & Quality Management
260 _aN.Delhi
_bIAFL
_c1999
300 _a545
650 _aB.Tech(TE)
942 _2ddc
_cBK
999 _c3749
_d3749